000 00257nam a22001217a 4500
020 _a0-7214-1998-4
082 _a823
_bLAD/I
100 _aLADY BIRD
245 _aI LIKE CARS
260 _aLONDON
_bLADY BIRD
650 _aENGLISH SHORT STORY
_zUK
942 _cBK
999 _c2378
_d2378